000 00713nab a2200193 4500
001 244442
003 OSt
005 20240618083319.0
007 tu
008 200917s2020|||||||
040 _aDE-2950
_cDE-2950
245 0 0 _aEinst das beliebteste Ausflugsziel der Stadt
_bGeschichte. Pfingsten - das war für viele Menschen in Frankfurt (O) über Jahrzehnte verbunden mit einem Ausflug zur Gaststätte Buschmühle. Wie sie entstand und was aus ihr geworden ist/
_cRalf-Rüdiger Targiel
264 _c2024
653 _aFrankfurt (Oder)
653 _aStadtgeschichte
653 _aBuschmühle
773 0 _g35. Jahrgang (2024) Nr. 113 vom 16.05.2024, S. 17 mit Foto
_tMärkische Oderzeitung
942 _2z
_cA
999 _c373169
_d373169